Dvojpolohové zariadenie na presné kovanie krúžkov

Bibliographic Details
Corporate Author: KLF-ZVL, a.s. (Kysucké Nové Mesto, Slovensko) (Patent holder)
Other Authors: Ševčík, Jozef (Originator), Vondráček, Vladimír (Originator)
Format: Book
Language:Slovak
PhysicalDescription:5 strán 8°
Published: Banská Bystrica Úrad priemyselného vlastníctva SR 1996
Subjects:

MARC

LEADER 00000cam a2200000 a 4500
001 vtls001220795
003 SK-MaSNL
005 20260331203423.0
008 960412s1996 xo grj f00000 slo
035 |a SNK000165757 
040 |a SNK  |b slo  |c SNK  |e AACR2 
041 0 |a slo 
043 |a e-xo--- 
044 |a xo  |c SK 
072 7 |a 621  |x Strojárstvo  |2 konspekt 
080 |a 621.73  |2 2001 
080 |a (088.83)  |2 2001 
100 1 |a Ševčík, Jozef  |4 org  |9 106375 
245 1 0 |a Dvojpolohové zariadenie na presné kovanie krúžkov  |c Jozef Ševčík, Vladimír Vondráček 
260 |a Banská Bystrica  |b Úrad priemyselného vlastníctva SR  |c 1996 
300 |a 5 strán  |c 8° 
650 0 7 |a pechovacie zariadenia  |2 SNKPH  |9 517536 
650 0 7 |a kovanie krúžkov  |2 SNKPH  |9 517537 
650 0 7 |a kovanie  |2 SNKPH  |9 19488 
655 7 |a patenty  |2 SNKPH  |9 177343 
700 1 |a Vondráček, Vladimír  |4 org  |9 264118 
710 2 |a KLF-ZVL, a.s. (Kysucké Nové Mesto, Slovensko)  |4 pth  |9 380120 
999 |c 797155  |d 799085 
952 |t P60, <03>, [BOOK], {603}  |a SNK  |b SNK  |y PREZ  |7 0  |o snkSK 278261  |i snkPS 315/96  |0 0  |1 0  |4 0  |d 1996-09-20  |l 0  |r 2005-01-01 00:00:00  |w 2026-02-24